00589nam a2200193Ia 4500008004100000020001300041082001700054100002400071245002200095250000800117260003900125300002900164500001900193600002700212650001500239942000700254952011900261999001500380240925s9999 xx 000 0 und d a71129200 a621.3192 BOG aBogart ,Theodore F. 0aElectric Circuits a2nd aLake Forest:bMc Graw-Hillc,1992. axxiii,763p.bNafPirated aIncludes Index aElectrical Engineering aTechnology cBK 001040708ELaUITUbUITUd2004-01-22eF.B.Cg150.00l0o621.3192 BOGpQ5480r2024-09-25 07:13:52w2024-09-25yBK c7979d7979